ბათუმის შოთა რუსთაველის სახელმწიფო უნივერსიტეტის ბიბლიოთეკა

ტიბეტელი ბერის ლექსები და ჩანაწერები / (ბიბ.ჩანაწერი № 63714)

000 -ლიდერი
ფიქსირებული სიგრძის საკონტროლო ველი 01702nam a22002177a 4500
003 - საკონტროლო ნომრის იდენტიფიკატორი
საკონტროლო ველი Ge_BSU
005 - ბოლო ოპერაციის თარიღი და დრო
საკონტროლო ველი 20251212193030.0
008 - ფიქსირებული სიგრძის მონაცემთა ელემენტები - ზოგადი ინფორმაცია
ფიქსირებული სიგრძის საკონტროლო ველი 251212b xxu||||| |||| 00| 0 geo d
020 ## - წიგნის საერთაშორისო სტანდარტული ნომერი
International Standard Book Number 9789941986772
041 ## - ენის კოდი
Language code of text/sound track or separate title geo
080 ## - უნივერსალური ათობითი კლასიფიკაციის ინდექსი
Universal Decimal Classification number 821.581.03=353.1 მ-42
100 ## - მთავარი ჩანაწერი - პიროვნების სახელი
Personal name მაცუკი, ტაშირო
9 (RLIN) 26489
245 ## - ცნობა სათაურის შესახებ
Title ტიბეტელი ბერის ლექსები და ჩანაწერები /
Statement of responsibility, etc ტაშირო მაცუკი; თარგმნა რაულ ჩილაჩავამ; რედაქტორი თამარ ნინიკაშვილი; პწკარედების ავტორი და კონსულტანტი ჰანგ ჩანჰუნი; წინასიტყვაობა პაატა ნაცვლიშვილი; ყდის დიზაინი მანანა კვერნაძე; საქართველოს პარლამენტის ეროვნული ბიბლიოთეკა.
250 ## - გამოცემის ცნობა
Edition statement მე-2, შევსებული და შესწორებული გამოცემა.
264 ## - წარმოების, გამოცემის, დისტრიბუციის და სხვა ცნობები
გამოცემის, წარმოების, დისტრიბუციის... ადგილი თბილისი :
გამოცემის, წარმოების, დისტრიბუციის... სახელწოდება საქართველოს პარლამენტის ეროვნული ბიბლიოთეკა,
გამოცემის, წარმოების, დისტრიბუციის... თარიღი 2024.
300 ## - ფიზიკური აღწერა
Extent 438 გვ. ;
Other physical details 20 სმ.
653 ## - INDEX TERM--UNCONTROLLED
Uncontrolled term ჩინური პოეზია
700 ## - ADDED ENTRY--PERSONAL NAME
Personal name ჩილაჩავა, რაულ,
Relator term მთარგმნელი.
9 (RLIN) 26490
856 ## - ELECTRONIC LOCATION AND ACCESS
Uniform Resource Identifier https://dspace.nplg.gov.ge/bitstream/1234/530495/1/TibeteliBerisLeqsebiDaChanawerebi_2024.pdf
Link text ელ. ვერსია
942 ## - ADDED ENTRY ELEMENTS (KOHA)
Source of classification or shelving scheme
Koha item type წიგნი
ეგზემპლარები
ჩამოწერის სტატუსი დაკარგული ეგზემპლარის სტატუსი კლასიფიკაციის წყარო ან თაროზე გაწყობის სქემა დაზიანების სტატუსი არ გაიცემა მუდმივი მდებარეობა (დაცვის ადგილი) ამჟამინდელი ადგილსამყოფელი თაროზე განთავსების ადგილი შეძენის თარიღი ღირებულება, შესყიდვის ნორმალური ფასი სრული შენახვის შიფრი შტრიხკოდი ბოლო ოპერაციის თარიღი ეგზემპლარის მიმდევრობითი ნომერი (კეტერი?) Uniform Resource Identifier ფასის ძალაში შესვლის თარიღი ეგზემპლარის სახეობა საჯარო შენიშვნა
          ბათუმის შოთა რუსთაველის სახელმწიფო უნივერსიტეტის მთავარი ბიბლიოთეკა ბათუმის შოთა რუსთაველის სახელმწიფო უნივერსიტეტის მთავარი ბიბლიოთეკა წიგნსაცავი 2025-12-12 15.00 821.581.03=353.1 მ-42 73271 2025-12-12 73271 საჩუქარი საქართველოს ეროვნული ბიბლიოთეკისაგან 2025-12-12 წიგნი 15 ლ.